| 000 | 02073nam a22002657a 4500 | ||
|---|---|---|---|
| 003 | CUTN | ||
| 005 | 20230714171702.0 | ||
| 008 | 230714b |||||||| |||| 00| 0 eng d | ||
| 020 | _a9781032192147 | ||
| 020 | _a9781032192192 | ||
| 020 | _z9781003258186 | ||
| 041 | _aEnglish | ||
| 082 | 0 | 0 |
_a338.479 _223 _bVAN |
| 100 | 1 | _aVanhove, Norbert. | |
| 245 | 1 | 4 |
_aThe economics of tourism destinations : _btheory and practice / _cNorbert Vanhove. |
| 250 | _a4th ed. | ||
| 300 |
_axxiv, 476 p. : _bill. pbk. ; _c25 cm |
||
| 500 | _a"First edition published by Butterworth-Heinemann, 2004. Third edition published by Routledge 2017"--T.p. verso. | ||
| 504 | _aIncludes bibliographical references and index. | ||
| 505 | 0 | _aThe Economic Characteristics of the Tourism Sector -- Measuring Tourism -- Tourism Demand -- Overtourism -- Tourism's Vulnerability: Terrorism and Pandemics -- Overtourism -- Tourism's Vulnerability: Terrorism and Pandemics -- Tourism Supply -- Pricing and Taxation -- Competition and the Tourism Destination -- Forecasting Tourism Demand -- Tourism as a Development Strategy -- Tourism Export-led Growth -- The Economic Impact of Tourism -- Micro-Evaluation of Projects in the Tourism and Hospitality Industry -- Macro-Evaluation of Projects in the Tourism and Hospitality Industry -- Tourism and Sustainable Development. | |
| 520 | _a"Revised and updated, the fourth edition of The Economics of Tourism Destinations provides a succinct guide to the economic aspects of tourism for students and practitioners alike to decipher the methods of measurement of supply, demand, trends and impacts as well as the role of tourism in a development strategy for destinations and regional development. Combining macro and micro aspects of economic to the tourism destination, this book is an invaluable resource for students studying this topic"-- | ||
| 650 | 0 | _aTourism. | |
| 776 | 0 | 8 |
_iOnline version: _aVanhove, Norbert. _tEconomics of tourism destinations _bFourth Edition. _dNew York : Routledge, 2022 _z9781003258186 _w(DLC) 2021058198 |
| 942 |
_2ddc _cBOOKS |
||
| 999 |
_c39301 _d39301 |
||